000 00526nam a2200193 a 4500
001 6237
003 CO-ViMGA
008 141112s2004 ck r 000 u spa d
040 _aCO-ViMGA
_bspa
_cCO-ViMGA
082 0 4 _a638.15 L567
100 1 _aLlorante Martínez, Jesús
_94914
245 1 0 _aPrincipales enfermedades de las abejas
250 _a2a
260 _aMadrid :
_bServicio de Extensión Agraria,
_c1990
300 _a135 p : il
650 1 4 _aABEJAS - ENFERMEDADES
_950901
650 1 4 _aAPICULTURA
942 _2ddc
_cBK
999 _c18209
_d18209